| 000 | 00906cam a2200253 i 4500 | ||
|---|---|---|---|
| 999 |
_c19239 _d19239 |
||
| 001 | 19239 | ||
| 003 | Mx-PuUPA | ||
| 005 | 20200804153748.0 | ||
| 008 | 140415s1997 mx r 000 0 spa d | ||
| 040 |
_aMX-PuUPA _bspa _erda _cMx-PuUPA _dMx-PuUPA |
||
| 041 | 0 | _aspa | |
| 100 | 1 |
_aBorrego E., Salvador, _d1915 _eautor _96477 |
|
| 245 | 1 | 3 |
_aUn posible fin de la crisis / _cSalvador Borrego E. |
| 250 | _aPrimera edición | ||
| 264 | 1 |
_aMéxico : _bTipografías Editoriales, _c1997 |
|
| 300 |
_a97 páginas ; _c23 cm. |
||
| 336 |
_atexto _2rdacontent _btxt |
||
| 337 |
_asin medio _2rdamedia _bn |
||
| 338 |
_avolumen _2rdacarrier _bnc |
||
| 500 | _a"Antes se volvería global, reacción igualmente universal, aceleración de magnos sucesos, ¿se perfila el harmagedón?" -- Cubierta | ||
| 650 | 4 | _aCiencias políticas | |
| 942 |
_2ddc _cLI _h320.0972 _iB726 |
||